Fall Out Boy Albums Quiz - Statistics

General Stats
  • This quiz has been taken 106 times
  • The average score is 10 of 13
Answer Stats
Hint Answer % Correct
2005 From Under The Cork Tree
95%
2007 Infinity on High
95%
2003 Take This To Your Grave
95%
2008 Folie à Deux
92%
2013 Save Rock and Roll
91%
2015 American Beauty American Psycho
90%
2018 Mania
87%
2003 (EP) Fall Out Boy's Evening Out with Your Girlfriend
85%
2023 So Much (For) Stardust
83%
2009 (Compilation) Believers Never Die – Greatest Hits
70%
2015 (Remix) Make America Psycho Again
51%
2008 (Live) Live in Phoenix
47%
2019 (Compilation) Greatest Hits: Believers Never Die – Volume Two
43%
No matching quizzes found
Score Distribution
Percent of People with Each Score
Percentile by Number Answered
Your Score History
You have not taken this quiz